| 000 | 00857nac a22002411u 4500 | ||
|---|---|---|---|
| 010 | _a 97025837 | ||
| 020 | _a0256235287 | ||
| 020 | _a0071153314 (International ed.) | ||
| 082 | 0 | 0 |
_a658.3 _bIVA |
| 090 |
_c5731 _d5731 |
||
| 100 | _aIvancevich, John M. | ||
| 245 | 1 | 0 |
_aHuman resource management / _cJohn M. Ivancevich. |
| 250 | _a7th ed. | ||
| 260 |
_aBoston : _bIrwin McGraw Hill,1998 _cc1998. |
||
| 300 |
_axxii, 730 p. : _bill. (some col.), col. map ; _c26 cm. |
||
| 500 | _adistributer: Al-Ahram | ||
| 504 | _aIncludes bibliographical references and indexes. | ||
| 511 | _acatalogued by: wessam | ||
| 650 | 0 | _aPersonnel management. | |
| 650 | 0 |
_aPersonnel management _xCase studies. |
|
| 942 |
_cBB _k658.3IVA |
||
| 999 |
_c5731 _d5731 |
||